[Event "VIE-chT (Women)"]
[Site "Hanoi"]
[Date "2023.04.20"]
[Round "4"]
[White "Pham, Tam Nhu"]
[Black "Vuong, Bao Chau"]
[Result "1-0"]
[WhiteElo "1937"]
[BlackElo "1970"]
[PlyCount "51"]
[EventDate "2023.04.18"]
[EventType "swiss"]
[EventRounds "9"]
[EventCountry "VIE"]
[SourceTitle "EXT 2024"]
[Source "ChessBase"]
[SourceDate "2023.10.10"]
[SourceVersion "1"]
[SourceVersionDate "2023.10.10"]
[SourceQuality "1"]

1. d4 d5 2. Nf3 e6 3. c4 Nf6 4. Nc3 Nc6 5. g3 Bb4 6. Bd2 Bd7 7. a3 Be7 8. Bg2 0-0 9. e3 b6 10. 0-0 Re8 11. cxd5 exd5 12. Ne5 h6 13. Nxd5 Nxd5 14. Bxd5 Be6 15. Bxc6 Rf8 16. Bxa8 Qxa8 17. Qf3 Bd5 18. Qf4 Bh1 19. f3 Bg5 20. Qg4 g6 21. Kxh1 f5 22. Qh3 Rd8 23. Kg1 c5 24. f4 Bf6 25. Nxg6 Kg7 26. Ne5 1-0